00441nam a2200157Ia 450000100060000000800410000602000140004704000130006108200220007410000170009624501000011326000430021330000110025654600070026765000090027438293140422s9999 xx 000 0 und d a047167186 cPK-LaUMT a 956.70443bBLA-B aBlack, Edwin aBanking on Baghdadbinside Iraq's 7,000-year history of war, profit, and conflictcBlack, Edwin aHoboken,USA:bJohn Wiley & Sons,c2004 a471 p. aEN aIraq